2024 World Rugby 15s Team of the Year - Statistics

General Stats
  • This quiz has been taken 25 times
  • The average score is 12 of 15
Answer Stats
Position Country Answer % Correct
Prop South Africa Ox Nche
100%
Lock South Africa Eben Etzebeth
95%
Wing South Africa Cheslin Kolbe
90%
Scrum Half Ireland Jamison Gibson-Park
90%
Hooker South Africa Malcolm Marx
90%
Centre South Africa Damian de Allende
85%
Wing Ireland James Lowe
85%
Fullback New Zealand Will Jordan
85%
Number 8 Ireland Caelan Doris
75%
Centre South Africa Jesse Kriel
75%
Flanker South Africa Pieter-Steph du Toit
75%
Fly Half New Zealand Damian McKenzie
70%
Lock Ireland Tadgh Beirne
65%
Flanker Argentina Pablo Matera
60%
Prop New Zealand Tyrel Lomax
40%
No matching quizzes found
Score Distribution
Percent of People with Each Score
Percentile by Number Answered
Your Score History
You have not taken this quiz